[Event "GRE-ch U16 Girls"]
[Site "Greece"]
[Date "2001.04.09"]
[Round "4"]
[White "Tsegreni, Theodora"]
[Black "Papadopoulou, Vera"]
[Result "0-1"]
[WhiteElo "1445"]
[BlackElo "2120"]
[PlyCount "104"]
[EventDate "2001.04.??"]
[EventType "swiss"]
[EventRounds "7"]
[EventCountry "GRE"]
[SourceTitle "EXT 2003"]
[Source "ChessBase"]
[SourceDate "2002.11.25"]
[SourceVersion "1"]
[SourceVersionDate "2002.11.25"]
[SourceQuality "1"]

1. d4 Nf6 2. c4 g6 3. Nc3 Bg7 4. e4 d6 5. Nf3 0-0 6. Be2 Nbd7 7. 0-0 e5 8. d5 a5 9. a4 Nc5 10. Bg5 h6 11. Bh4 g5 12. Nxg5 hxg5 13. Bxg5 Bd7 14. Re1 Qc8 15. h3 Nfxe4 16. Nxe4 Nxe4 17. Be3 Bf5 18. Bg4 Bxg4 19. Qxg4 f5 20. Qg6 Qe8 21. Qxe8 Raxe8 22. f3 Ng3 23. Bf2 Nh5 24. Rab1 Nf4 25. Be3 Nd3 26. Red1 e4 27. b3 f4 28. Bf2 Nb2 29. Rf1 e3 30. Bh4 e2 31. Rfc1 Nd3 32. Rc2 e1Q+ 33. Bxe1 Nxe1 34. Rxe1 Rxe1+ 35. Kh2 Bd4 36. g3 fxg3+ 37. Kxg3 Rg1+ 38. Rg2 Rxg2+ 39. Kxg2 Re8 40. Kf1 Re3 41. Kf2 Rxb3+ 42. Ke2 Rb4 43. Kd3 Bc5 44. Kc3 Rxa4 45. Kb3 Ra3+ 46. Kc2 a4 47. Kb2 Rxf3 48. h4 a3+ 49. Ka2 Rf2+ 50. Kb3 a2 51. Kc3 a1Q+ 52. Kb3 Qa3# 0-1

[Event "GRE-ch U16 Girls"]
[Site "Greece"]
[Date "2001.04.07"]
[Round "1"]
[White "Tsegreni, Theodora"]
[Black "Stefanidi, Maria Anna"]
[Result "0-1"]
[WhiteElo "1445"]
[BlackElo "1870"]
[PlyCount "64"]
[EventDate "2001.04.??"]
[EventType "swiss"]
[EventRounds "7"]
[EventCountry "GRE"]
[SourceTitle "EXT 2003"]
[Source "ChessBase"]
[SourceDate "2002.11.25"]
[SourceVersion "1"]
[SourceVersionDate "2002.11.25"]
[SourceQuality "1"]

1. d4 Nf6 2. c4 g6 3. Nc3 Bg7 4. e4 d6 5. d5 c6 6. Be2 0-0 7. Nf3 Nbd7 8. 0-0 Nc5 9. Qc2 e6 10. b4 Na6 11. Rb1 exd5 12. b5 Nc5 13. exd5 Bf5 14. Qb2 Bxb1 15. Qxb1 Nh5 16. Qc2 Re8 17. Bb2 Nf4 18. Re1 Qd7 19. h3 Rac8 20. Qd2 Nxe2+ 21. Nxe2 Bxb2 22. Nf4 Rxe1+ 23. Nxe1 Be5 24. Ned3 Nxd3 25. Nxd3 cxb5 26. cxb5 Bc3 27. Qh6 Qxb5 28. Nf4 Be5 29. Qg5 Qb4 30. Nd3 Qb1+ 31. Qc1 Qxc1+ 32. Nxc1 Rxc1# 0-1